000 00734nam a2200289Ia 4500
001 6693
005 20240113233934.0
007 ta
008 050630s1962 a g b000 u eng u
020 _cPB
040 _aCotton College,Assam
041 _aeng
082 _a510
_bAl 54 Ba
100 _aAllen, R.G. D. .
245 0 _aBasic Mathematics /
_cR.G. D. Allen.
_hTextual Documents
250 _a1st ed. /
260 _aLondon :
_bMacmillan company & the free press ,
_c1962.
300 _axii, 512p. :
_bill. ;
_c22cm .
504 _aIndex
653 _aMathematics
653 _aPG-Mathematics
653 _aG-Mathematics
942 _2ddc
_cBK
999 _c6680
_d6680